000 01038cam a2200253 i 4500
999 _c12711
_d12711
003 OSt
005 20240704131341.0
008 200521s2020 ne ahbe b 001 0 eng
020 _a9789462085565
042 _apcc
082 _a574.5
245 0 0 _aHabitat :
_becology thinking in architecture /
_cDirk van den Heuvel, Janno Martens, Víctor Muñoz Sanz (eds.) ; texts, Guus Beumer [and seven others].
246 3 0 _aEcology thinking in architecture
300 _a175 pages, 1 unnumbered folded leaf of plates :
_billustrations (chiefly color), facsimiles, maps, plans ;
_c32 cm
300 _a175 pages, 1 unnumbered folded leaf of plates :
_billustrations (chiefly color), facsimiles, maps, plans ;
_c32 cm
504 _aIncludes bibliographical references and index.
650 0 _aArchitecture
_xEnvironmental aspects.
650 0 _aEnvironmentalism.
650 0 _aSustainable living.
700 1 _aHeuvel, Dirk van den,
_d1968-
_eeditor.
700 1 _aMartens, Janno,
_eeditor.
700 1 _aMuñoz Sanz, Víctor.
942 _2ddc